| 000 | 01006nam a22003257a 4500 | ||
|---|---|---|---|
| 003 | CHAP | ||
| 005 | 20220329134746.0 | ||
| 008 | 971013s1953 r 00010 d | ||
| 010 | _a25384 | ||
| 011 | _a26356 | ||
| 035 | _a30457 | ||
| 040 | _cCHAP | ||
| 090 | _aFolleto 8311y | ||
| 100 | 0 | 0 |
_aBryant, Margaret Schindler. _915839 |
| 245 | 1 | _aTécnica moderna de producción bibliográfica | |
| 260 |
_aTurrialba, C. R. : _bIICA, _c1953 |
||
| 300 | _a10 h. | ||
| 490 |
_aRTBA/DOC. _v; 7 |
||
| 590 |
_aBATCH-UPD _b10 _c20130110 _lUCH01 _h0005 |
||
| 590 |
_aBATCH-UPD _b10 _c20130110 _lUCH01 _h2236 |
||
| 590 |
_aBATCH-UPD _b10 _c20130409 _lUCH01 _h1941 |
||
| 590 |
_aBATCH-UPD _b10 _c20130914 _lUCH01 _h0942 |
||
| 590 |
_aCONVERSION _b10 _c20130109 _lUCH01 _h1315 |
||
| 650 | 1 | 4 |
_aCitas bibliográficas. _923482 |
| 650 | 1 | 4 |
_aReproducción (Materiales bibliográficos) _996035 |
| 830 | 0 |
_aRTBA/DOC. _v; 7 _9100428 |
|
| 901 | _aBK | ||
| 942 | _cFOLL | ||
| 949 |
_aFolleto 8311y _bBC _cFOLL _d-70657 _eTS1 _i30457 _si |
||
| 999 |
_c25384 _d25384 |
||